Statistiques concernant Pays d'Afrique par les frontières en 45 secondes

Cliquez ici pour prendre le quiz!

Statistiques générales

  • Ce quiz a été pris 765 fois
  • Le résultat moyen est 48 sur 54

Réponses sur la Carte

Les réponses sont colorées sur une échelle allant du rouge au vert en fonction du pourcentage des utilisateurs qui les ont devinées à leur premier essai. Vous pouvez retrouver ces pourcentages ci-dessous.
 

Statistiques - réponses

pays% Correct
Algérie
99%
Libye
99%
Mali
99%
Niger
99%
Rép dém Congo
99%
Soudan
99%
Mauritanie
98%
République
Centrafricaine
98%
Tanzanie
98%
Zambie
98%
Angola
97%
Burkina Faso
97%
Cameroun
97%
Congo
97%
Mozambique
97%
Soudan du Sud
97%
Tchad
97%
Afrique du Sud
96%
Botswana
96%
Éthiopie
96%
Maroc
96%
Namibie
96%
Ouganda
96%
Zimbabwe
96%
Côte d'Ivoire
95%
Égypte
95%
Guinée
95%
Kenya
95%
Rwanda
95%
Somalie
95%
Burundi
94%
Gabon
94%
Nigeria
94%
Sénégal
94%
Bénin
93%
Ghana
92%
Tunisie
92%
Lesotho
90%
Djibouti
89%
Togo
89%
Érythrée
88%
Swaziland
88%
Liberia
87%
Madagascar
84%
Guinée-Bissau
82%
Sierra Leone
82%
Malawi
78%
Gambie
69%
Guinée équatoriale
64%
Cabo Verde
58%
Comores
51%
Seychelles
50%
São Tomé-
et-Príncipe
49%
Île Maurice
44%

Distribution des résultats

Percentile par nombre de réponses

% des personnes avec chaque résultat

Votre développement - résultats

Vous n’avez pas pris ce quiz